| 000 | 00424nam a2200169Ia 4500 | ||
|---|---|---|---|
| 008 | 180424s9999 xx 000 0 und d | ||
| 084 | _a621.384 Z2 | ||
| 100 | _a"Zeines, Ben" | ||
| 245 | 0 | _aElectronic Communications Systems | |
| 250 | _a\\197000ENGGPS000 | ||
| 260 | _aPrentice Hall | ||
| 260 | _b1970 | ||
| 260 | _cEnglewood Cliffs | ||
| 300 | _axiv+479p | ||
| 500 | _aincludes index and biblioraphy | ||
| 942 | _cBK | ||
| 999 |
_c28179 _d28179 |
||